000 00657nam a2200229Ia 4500
003 OSt
005 20221006164409.0
006 a|||||r|||| 00| 0
007 ta
008 221006b |||||||| |||| 00| 0 hin d
024 _a4,412
037 _cTextual
040 _aFML
_cFML
_bhin
041 _2hin
_ahin
082 _aY7447397:351, M9 -; 1
100 _aChaturvedi Narmadeshwar Au.
_9677367
245 0 _aBhojpuri Lok Geet
260 _aLucknow
_bUttar Pradesh Sangeet Natak Acadmy India
_c1989
300 _a44
_ccm.
942 _hY7447397:351, M9 -; 1
_cTEXL
_2CC
999 _c1117120
_d1117120